| 000 | 01253 a2200217 4500 | ||
|---|---|---|---|
| 001 | 54355 | ||
| 005 | 20260407155815.0 | ||
| 008 | 260407a2005 arg spa d | ||
| 003 | AR-UNSa-BCEJYS | ||
| 040 |
_aAR-UNSa-BCEJYS _bspa _cAR-UNSa-BCEJYS |
||
| 080 |
_a338.45:622.323 _xIndustrias Petroleras |
||
| 245 | 1 | 0 |
_aPetróleo, estado y soberanía _phacia la empresa multiestatal latinoamericana de hidrocarburos |
| 020 | _a950-786-457-1 | ||
| 264 | 1 |
_aBuenos Aires : _bBiblos _c2005 |
|
| 300 |
_a350 p. _c22 cm. |
||
| 505 | _aPrimera parte: La Argentina,el petróleo y la cuestión nacional - I. Petróleo a conciencia - II. YPF Sociedad del Estado - III. ¿Contratos o concesiones? Autoabastecimiento - IV. Mentiras,endeudamiento y vaciamiento de YPF - V. El menemato - VI. El petróleo de las Islas Malvinas - VII. El petróleo argentino en los albores del siglo XXI - Segunda parte: Emancipación latinoamericana y soberanía energética - VIII. La PDVSA bolivariana.Petrobras.Venezuela y Brasil en la Argentina - IX. La integración petrolera latinoamericana.Pemex.La Argentina como exportadora de petróleo.Bolivia,gas natural e YPFB | ||
| 041 | _aspa | ||
| 942 | _cBK | ||
| 590 | _aniveau_biblio:m niveau_hierar:0 | ||
| 100 | 1 | _aBernal, Federico | |
| 999 |
_c5516 _d5516 |
||